Daňové zvýhodnenia za rok 2021

Nezdaniteľné časti základu dane (daňové úľavy) sú zvýhodnenia, ktorými si daňovník môže znížiť dosiahnutý čiastkový základ dane a znížiť si tak svoju daňovú povinnosť. Výšku nezdaniteľných častí základu dane, ako aj podmienky nároku na ich uplatnenie upravuje § 11 zákona č. 595/2003 Z. z. o dani z p...

Descripción completa

Guardado en:
Detalles Bibliográficos
Autor principal: Matlovičová, Iveta
Formato: Capítulo de libro
Lenguaje:eslovaco
Materias:
Etiquetas: Agregar Etiqueta
Sin Etiquetas, Sea el primero en etiquetar este registro!

MARC

LEADER 00000naa a2200000 4500
001 0280883
005 20240417075150.4
041 0 |a slo 
044 |a SK 
245 1 0 |a Daňové zvýhodnenia za rok 2021  |c Iveta Matlovičová 
520 |a Nezdaniteľné časti základu dane (daňové úľavy) sú zvýhodnenia, ktorými si daňovník môže znížiť dosiahnutý čiastkový základ dane a znížiť si tak svoju daňovú povinnosť. Výšku nezdaniteľných častí základu dane, ako aj podmienky nároku na ich uplatnenie upravuje § 11 zákona č. 595/2003 Z. z. o dani z príjmov v znení neskorších predpisov. Nezdaniteľná časť základu dane na daňovníka, nezdaniteľná časť základu dane na manželského partnera a nezdaniteľná časť základu dane na príspevky na doplnkové dôchodkové sporenie. 
610 2 0 |a zvýhodnenie daňové 
610 2 0 |a základ dane 
610 2 0 |a úľavy daňové 
610 2 0 |a povinnosť daňová 
610 2 0 |a dane z príjmov 
610 2 0 |a zamestnanci 
610 2 0 |a zákony 
100 1 |a Matlovičová, Iveta